Doprava a urbanizmus : dostupnosť v meste

Gespeichert in:
Bibliographische Detailangaben
Hauptverfasser: Schlosser, Tibor 1957- (Verfasst von), Schlosser, Peter (Verfasst von), Schlosser, Gabriel (Verfasst von), Schlosser, Michael (Verfasst von), Schlosser, Martin (Verfasst von)
Weitere Verfasser: Bezák, Bystrík, 1945- (Rezension), Gnap, Jozef (Rezension), Kuda, František (Rezension), Šimkovič, Vladimír (Rezension)
Format: Buch
Sprache:Slowakisch
Veröffentlicht: Bratislava : Spektrum STU, 2020
Ausgabe:1. vyd.
Schlagworte:
Tags: Tag hinzufügen
Keine Tags, Fügen Sie das erste Tag hinzu!

MARC

LEADER 00000nam a22000003a 4500
001 0086609
003 SK-STU
005 20250918135948.1
007 ta
008 210120s -------||||||||||-|||-||----d
020 |a 978-80-227-5049-3 
035 |a biblio/235878  |2 CREPC2 
041 0 |a slo 
044 |a xo 
100 1 |4 aut  |a Schlosser, Tibor  |d 1957-  |u 010120  |r Z1  |9 55  |U SvF Stavebná fakulta  |T SvF Katedra dopravných stavieb  |X 68495  |U V120  |Y 12  |7 68495 
242 0 0 |a Traffic and urbanism : accessibility in the city  |y eng 
245 1 0 |a Doprava a urbanizmus : dostupnosť v meste 
250 |a 1. vyd. 
260 |a Bratislava :  |b Spektrum STU,  |c 2020 
300 |a 262 s.  |9 28,897 AH 
650 0 4 |a dopravné systémy 
650 0 4 |a traffic system 
650 0 4 |a územné plánovanie 
650 0 4 |a Spatial Planning 
650 0 4 |a nový urbanizmus 
650 0 4 |a new urbanism 
700 1 |4 aut  |9 25  |a Schlosser, Peter  |X 85258  |7 85258 
700 1 |4 aut  |9 10  |a Schlosser, Gabriel 
700 1 |4 aut  |9 5  |a Schlosser, Michael 
700 1 |4 aut  |9 5  |a Schlosser, Martin 
700 1 |4 rev  |a Bezák, Bystrík,  |d 1945-  |X 996  |7 A000000996 
700 1 |4 rev  |a Gnap, Jozef 
700 1 |4 rev  |a Kuda, František 
700 1 |4 rev  |a Šimkovič, Vladimír 
996 |b 284V041538  |c V* 53110/O-24270  |l VVT  |s A  |a 24  |w 0086609_0001 
996 |b 284V037644  |c V* 53224/O-24384  |l VVS  |s A  |a 24  |w 0086609_0002